00380 a2200109 4500001001000000005001700010008004100027245006100068100001500129773010900144999001700253ART_1620520260410161853.0260409a 10aCaracciolo sobre realismo moral y positivismo jurídico1 aLuque, Pau0 tFilosofía del derechogCuestiones epistemológica y normativas - Año I, Nº 2 (dic. 2012)wREV10449 c25190d25190